Vykazovanie udržateľnosti podnikateľov vychádzajúce z európskej legislatívy

V súčasnosti sme svedkami postupného zdokonaľovania a štandardizácie procesu vykazovania podnikateľov. Táto trendová dynamika nie je obmedzená len na finanćné informácie vyplývajúce z účtovníctva, ale predovšetkým ovplyvňuje oblasť nefinančných infomácií v kontexte rozsiahleho záujmu rôznych zainter...

Descripción completa

Guardado en:
Detalles Bibliográficos
Autor principal: Pakšiová, Renáta, 1974-
Formato: Capítulo de libro
Lenguaje:eslovaco
Materias:
Etiquetas: Agregar Etiqueta
Sin Etiquetas, Sea el primero en etiquetar este registro!

MARC

LEADER 00000naa a2200000 4500
001 0298951
005 20260211120458.8
041 0 |a slo 
044 |a SK 
245 1 0 |a Vykazovanie udržateľnosti podnikateľov vychádzajúce z európskej legislatívy  |c Renáta Pakšiová 
520 |a V súčasnosti sme svedkami postupného zdokonaľovania a štandardizácie procesu vykazovania podnikateľov. Táto trendová dynamika nie je obmedzená len na finanćné informácie vyplývajúce z účtovníctva, ale predovšetkým ovplyvňuje oblasť nefinančných infomácií v kontexte rozsiahleho záujmu rôznych zainteresovaných strán. Tieto infromácie sú stále viac považované za nedeliteľnú súčasť účtovných informácií, ktoré sú formálne upravované aj novelizáciami zákona o účtovníctve. 
610 2 0 |a udržateľnosť 
610 2 0 |a podnikatelia 
610 2 0 |a legislatíva 
610 2 0 |a účtovníctvo 
610 2 0 |a normy právne 
610 2 0 |a Európska únia 
100 1 |a Pakšiová, Renáta, 1974-